Cadernos FGV Direito Rio Educaȯ̂ e direito / Vol. 1

Bibliographic Details
Main Author: Barcelos Alves, Rogřio
Format: eBook
Language:Portuguese
Published: Rio de Janeiro : FGV - Direito Rio, 2010
Subjects:
Online Access:Acceso restringido

MARC

LEADER 00000nam a22000007a 4500
005 2013080901261.0
007 cr|||| ||||
008 130809s2010 br |||||s|||| 00||0 por d
020 |a 978-85-63265-03-6 
035 |a 11165 
040 |a vLex 
090 |c 4474  |d 4474 
100 1 |a Barcelos Alves, Rogřio 
245 1 0 |a Cadernos FGV Direito Rio  |h [Recurso electrn̤ico] :  |b  Educaȯ̂ e direito /  |c Rogřio Barcelos Alves   |n Vol. 1 
256 |a Servicio en ln̕ea 
260 |a Rio de Janeiro :  |b FGV - Direito Rio,  |c 2010 
300 |a 1 recurso electrn̤ico 
506 1 |a Contenido solo disponible en los productos indicados  |d vLex Global  |d vLex Global (Academic Edition, excluding Law Schools)  |d vLex Global (U.S. Academic Edition, Law Schools)  |d vLex Global (U.S. Academic Edition, excluding Law Schools)  |d vLex Global (Academic Edition, Law Schools) 
650 0 4 |a Educacin̤  |z Brasil 
740 0 |a vLex Libros (Servicio en ln̕ea) 
856 4 0 |u http://vlex.com/source/cadernos-fgv-direito-rio-educa-o-e-direito-vol-1-11165  |z Acceso restringido 
942 |c BOOK 
999 0 |a Education